书目信息 |
| 题名: |
德在事中
|
|
| 作者: | 马汉宁 编著 | |
| 分册: | ||
| 出版信息: | 北京 人民日报出版社 2015 |
|
| 页数: | 293页 | |
| 开本: | 24cm | |
| 丛书名: | ||
| 单 册: | ||
| 中图分类: | K825.46=76 | |
| 科图分类: | ||
| 主题词: | 教授--生平事迹--中国--现代 | |
| 电子资源: | ||
| ISBN: | 978-7-5115-3321-0 | |
| 000 | 00864nam0 2200253 450 | |
| 001 | 012001002663 | |
| 005 | 20180926151741.70 | |
| 010 | @a978-7-5115-3321-0@dCNY49.00 | |
| 100 | @a20150920d2015 em y0chiy50 ea | |
| 101 | 0 | @achi |
| 102 | @aCN@b110000 | |
| 105 | @aa z 000yd | |
| 106 | @ar | |
| 200 | 1 | @a德在事中@9de zai shi zhong@e记韩英杰老师和他的家庭@f马汉宁编著 |
| 210 | @a北京@c人民日报出版社@d2015 | |
| 215 | @a293页@c图@d24cm | |
| 330 | @a本书主要记述了中国人民大学著名金融学教授韩英杰老师的人生经历,包括他的童年、劳动、求学、育人、科研等不同人生阶段。 | |
| 517 | 1 | @a记韩英杰老师和他的家庭@9ji han ying jie lao shi he ta de jia ting |
| 606 | 0 | @a教授@x生平事迹@y中国@z现代 |
| 610 | 0 | @a韩英杰 |
| 690 | @aK825.46=76@v5 | |
| 701 | 0 | @a马汉宁@9ma han ning@4编著 |
| 801 | 0 | @aCN@b上海新华@c20180901 |
| 905 | @b1158410-4@dK825.46=76@e1176@f5 | |
| 德在事中:记韩英杰老师和他的家庭/马汉宁编著.-北京:人民日报出版社,2015 |
| 293页:图;24cm |
| ISBN 978-7-5115-3321-0:CNY49.00 |
| 本书主要记述了中国人民大学著名金融学教授韩英杰老师的人生经历,包括他的童年、劳动、求学、育人、科研等不同人生阶段。 |
| ● |
| 相关链接 |
|
|
|
|
正题名:德在事中
索取号:K825.46=76/1176
 
预约/预借
| 序号 | 登录号 | 条形码 | 馆藏地/架位号 | 状态 | 备注 |
| 1 | 1158410 | 211584105 | 第二样本阅览室/ [索取号:K825.46=76/1176] | 在馆 | |
| 2 | 1158411 | 211584114 | 密集书库-史法系/ [索取号:K825.46=76/1176] | 在馆 | |
| 3 | 1158412 | 211584123 | 第二借阅区/ [索取号:K825.46=76/1176] | 在馆 | |
| 4 | 1158413 | 211584132 | 第二借阅区/ [索取号:K825.46=76/1176] | 在馆 | |
| 5 | 1158414 | 211584141 | 第二借阅区/ [索取号:K825.46=76/1176] | 在馆 |